Tilastot visalle Pohjoissaame -visa

Klikkaa tästä pelataksesi tätä visaa!

Yleistilastot

  • Tätä visaa on pelattu 16 kertaa
  • Keskiarvotulos 25 / 30

Vastaustilastot

KysymysLaattaSelect% Oikein
hyväáibbas seammaEi
100%
yksigolbmaEi
100%
Puhutteko saamea?Hálatgo eaŋgasgiela?Ei
100%
Puhutteko saamea?Hálatgo sámegiela?Kyllä
100%
Puhutteko saamea?Hálatgo suomagiela?Ei
100%
KylläIiEi
100%
Kiitos!Leage buorre!Ei
100%
Mitä kuuluu?Mannego?Ei
100%
Mihin aikaan?Mii du namma lea?Ei
100%
Hyvää joulua!Somás válbora!Ei
100%
hyväbuorreKyllä
93%
valkoinenfiskesEi
93%
hyväheittotEi
93%
Kiitos!Ándagassii!Ei
87%
Terve!Buorre iđit!Ei
87%
Kiitos!Giitu!Kyllä
87%
Mitä kuuluu?Man boaris don leat?Ei
80%
Mitä kuuluu?Mii gullo?Kyllä
80%
Terve!Buorre beaivi!Ei
73%
Mihin aikaan?Galli áigge?Kyllä
73%
yksiguokteEi
73%
valkoinenivdnáiEi
73%
Mihin aikaan?Mo hurgá?Ei
73%
yksioktaKyllä
73%
Terve!Dearvva!Kyllä
67%
KylläJoKyllä
67%
KylläVárraEi
67%
valkoinenvilgesKyllä
67%
Hyvää joulua!Buorre ođđajagi!Ei
53%
Hyvää joulua!Buriid juovllaid!Kyllä
53%

Tulosjakauma

Persentiili vastausten määrän mukaan

Jokaisen tuloksen saaneiden osuus

Tuloshistoriasi

Et ole pelannut tätä visaa